000 00596nam a2200229Ia 4500
003 OSt
005 20220918211944.0
006 a|||||r|||| 00| 0
007 ta
008 220917b |||||||| |||| 00| 0 eng d
024 _a126,407
037 _cTextual
040 _aARTS
_cARTS
_beng
041 _2eng
_aeng
082 _aW6x, J9
111 _aRhodes Seminar Papers
_9121864
245 0 _aDemocracy in the new states
260 _aNew Delhi
_bCongress for Cultural Freedom
_c1959
650 _aPOLITICAL SCIENCE
942 _hW6x, J9
_cTEXL
_2CC
999 _c249550
_d249550